| 000 | 01294nam a22003617a 4500 | ||
|---|---|---|---|
| 003 | CHAP | ||
| 005 | 20220329140334.0 | ||
| 008 | 971013s1984 r 00010 d | ||
| 010 | _a50640 | ||
| 011 | _a51612 | ||
| 035 | _a55762 | ||
| 040 | _cCHAP | ||
| 090 | _aFolleto 11079 | ||
| 100 | 0 | 0 |
_aRodríguez Franco, Carlos. _998486 |
| 245 | _aComparación de cuatro modelos matemáticos que representan la relación diámetro tocón - diámetro normal para Pinus patula Schl. et. Cham., en San Cayetano, Edo. de México | ||
| 260 |
_aMéxico, D. F. : _bINIF, _c1984 |
||
| 300 |
_a34 p. _b: ilus. ; gráfs. |
||
| 490 |
_aBoletín técnico _v; 101 |
||
| 590 |
_aBATCH-UPD _b10 _c20130110 _lUCH01 _h0734 |
||
| 590 |
_aBATCH-UPD _b10 _c20130110 _lUCH01 _h2335 |
||
| 590 |
_aBATCH-UPD _b10 _c20130410 _lUCH01 _h0417 |
||
| 590 |
_aBATCH-UPD _b10 _c20130914 _lUCH01 _h0654 |
||
| 590 |
_aCONVERSION _b10 _c20130109 _lUCH01 _h1327 |
||
| 650 | 1 | 4 |
_aBosques _xModelos matemáticos. _914339 |
| 650 | 1 | 4 |
_aModelos forestales. _976418 |
| 650 | 1 | 4 |
_aPinus patula. _988356 |
| 700 | 0 |
_aMusálem Santiago, Miguel Angel. _979897 |
|
| 700 | 0 |
_aVera Castillo, Gil. _9118763 |
|
| 830 | 0 |
_aBoletín técnico _v; 101 _913560 |
|
| 901 | _aBK | ||
| 942 | _cFOLL | ||
| 949 |
_aFolleto 11079 _bBC _cFOLL _d-122186 _eTS1 _i55762 _si |
||
| 999 |
_c50640 _d50640 |
||